000 00316nam a2200145 a 4500
008 190521s2006|||| d
245 1 0 _aInteligence
260 _aBratislava
_c2006
_bEugenika
958 _aAUL
250 _a1.vydanie
300 _a205s.
020 _a8089227422
_c0
041 _acze
044 _aCZ
999 _c20718
_d20718